30 Countries of Europe by 1st Letter - Statistics

General Stats
  • This quiz has been taken 665 times
  • The average score is 26 of 30
Answers on the Map
Answers color-coded by a green-red scale on the quiz's map according to % correct below.
 
Answer Stats
Country % Correct
Italy
92%
Belarus
90%
France
90%
Germany
90%
Greece
90%
Austria
89%
Denmark
89%
Finland
89%
Lithuania
89%
Ukraine
89%
Ireland
87%
Latvia
87%
Netherlands
87%
Poland
87%
Russia
87%
Switzerland
87%
Estonia
85%
Iceland
85%
Norway
85%
Portugal
85%
Spain
85%
Sweden
85%
United Kingdom
85%
Vatican City
85%
Belgium
84%
Bulgaria
84%
Croatia
84%
Romania
84%
Serbia
84%
Hungary
81%
No matching quizzes found
Score Distribution
Percent of People with Each Score
Percentile by Number Answered
Your Score History
You have not taken this quiz